| 000 | 00712nam a2200217 a 4500 | ||
|---|---|---|---|
| 005 | 20140412111310.0 | ||
| 008 | 010321s19uu xx 00 eng d | ||
| 020 | _a0-590-45783-7 | ||
| 050 |
_aTR(PS E _bMo71 1992 |
||
| 100 | _aGelman, Rita Golden | ||
| 245 |
_aMore spaghetti, I say! / _cby Rita Golden Gelman ; illustrated by Mort Gerberg. |
||
| 260 |
_aNew York : _bScholastic Inc, _c1992. |
||
| 300 | _a1 v. (unp.); ill. | ||
| 440 | _aHello Reader | ||
| 520 | _aMinnie the monkey is too busy eating spaghetti-all day, in all ways - to play with Freddy. | ||
| 650 | _aSotries in rhyme | ||
| 650 | _aMonkeys - Fiction | ||
| 650 | _aSpaghetti-Fiction | ||
| 650 | _aHumurous stories | ||
| 999 |
_c103957 _d103957 |
||